| 000 | 00573nam a22001937a 4500 | ||
|---|---|---|---|
| 005 | 20161010102655.0 | ||
| 010 | _aENG-116194 | ||
| 020 |
_a9789380677767 _c450.00 |
||
| 035 | _aEN-99726 | ||
| 037 | _bDBAD/PUB | ||
| 082 | _a320.5095414 | ||
| 100 | _aDutta,Nilanjan | ||
| 245 |
_aRight's and the 'Left' West Bengal 1977-2011 / _bby Nilanjan Dutta |
||
| 260 |
_aKolkata _bSetu Prakashni _c2015 |
||
| 270 |
_a12/A Sankar Ghosh Lane _bKolkata _e700006 |
||
| 300 |
_ax,246p. _b21cm(pbk) |
||
| 500 | _aIncludes index | ||
| 942 |
_2ddc _cEN _h320.5095414 _mDUT |
||
| 999 |
_c103951 _d103951 |
||